000 00537cam a2200145 4500500
005 20251130001926.0
041 _afre
042 _adc
100 1 0 _aGardi, Romain
_eauthor
245 0 0 _aLe football des paysans. L’apprentissage d’un sport au village en Vaucluse (années 1920-1950)
260 _c2025.
500 _a23
786 0 _nSciences sociales et sport | 26 | 2 | 2025-11-07 | p. 129-155 | 1967-7359
856 4 1 _uhttps://shs.cairn.info/revue-sciences-sociales-et-sport-2025-2-page-129?lang=fr&redirect-ssocas=7080
999 _c1565874
_d1565874